[Event "8th RTU Open 2018"]
[Site "Riga"]
[Date "2018.08.10"]
[Round "7"]
[White "Vaishali R"]
[Black "Kulaots, Kaido"]
[Result "1/2-1/2"]
[WhiteElo "2294"]
[BlackElo "2554"]
[Annotator "ChessBase"]
[PlyCount "130"]
[EventDate "2018.08.06"]
[EventType "swiss"]
[EventCountry "LAT"]
[SourceTitle "playchess.com"]
[Source "ChessBase"]
[SourceQuality "1"]
[TimeControl "5400+30"]

1. e4 {[%emt 0:00:00]} c5 {[%emt 0:00:00]} 2. Nf3 {[%emt 0:00:00]} d6 {[%emt 0:00:10]} 3. Bb5+ {[%emt 0:00:00]} Nd7 {[%emt 0:00:55]} 4. c3 {[%emt 0:01:22]} Ngf6 {[%emt 0:01:47]} 5. Qe2 {[%emt 0:00:19]} a6 {[%emt 0:01:17]} 6. Ba4 {[%emt 0:00:06]} e6 {[%emt 0:01:58]} 7. O-O {[%emt 0:00:44]} Be7 {[%emt 0:00:51]} 8. d4 {[%emt 0:00:15]} cxd4 {[%emt 0:01:16]} 9. cxd4 {[%emt 0:00:06]} b5 {[%emt 0:00:05]} 10. Bc2 {[%emt 0:00:51]} Bb7 {[%emt 0:00:05]} 11. a4 {[%emt 0:11:19]} O-O {[%emt 0:05:52]} 12. Nbd2 {[%emt 0:01:53]} bxa4 {[%emt 0:07:38]} 13. Rxa4 {[%emt 0:06:12]} a5 {[%emt 0:02:46]} 14. b3 {[%emt 0:03:16]} Nb8 {[%emt 0:22:59]} 15. Bd3 {[%emt 0:15:55]} Nc6 {[%emt 0:09:51]} 16. Ba3 {[%emt 0:04:11]} d5 {[%emt 0:06:58]} 17. e5 {[%emt 0:04:40]} Nd7 {[%emt 0:00:24]} 18. Bxe7 {[%emt 0:00:44]} Qxe7 {[%emt 0:00:12]} 19. h4 {[%emt 0:07:06]} h6 {[%emt 0:03:50]} 20. Rc1 {[%emt 0:01:32]} Rfc8 {[%emt 0:01:15]} 21. Raa1 {[%emt 0:01:57]} Qd8 {[%emt 0:01:15]} 22. Nf1 {[%emt 0:03:42]} Qb6 {[%emt 0:01:45]} 23. Qe3 {[%emt 0:00:15]} Nb4 {[%emt 0:03:58]} 24. Ng3 {[%emt 0:03:11]} Ba6 {[%emt 0:01:20]} 25. Bxa6 {[%emt 0:07:44]} Qxa6 {[%emt 0:00:04]} 26. Rxc8+ {[%emt 0:00:26]} Rxc8 {[%emt 0:00:28]} 27. Rc1 {[%emt 0:00:18]} Nf8 {[%emt 0:04:17]} 28. Ne1 {[%emt 0:05:03]} Ng6 {[%emt 0:01:01]} 29. h5 {[%emt 0:01:12]} Ne7 {[%emt 0:00:05]} 30. Rxc8+ {[%emt 0:03:55]} Qxc8 {[%emt 0:00:08]} 31. Nd3 {[%emt 0:00:33]} Nc2 {[%emt 0:05:40]} 32. Qd2 {[%emt 0:04:35]} Nxd4 {[%emt 0:00:17]} 33. Qxa5 {[%emt 0:00:19]} Nxb3 {[%emt 0:00:13]} 34. Qb4 {[%emt 0:01:01]} Nc1 {[%emt 0:01:01]} 35. Nc5 {[%emt 0:00:05]} Qc7 {[%emt 0:09:22]} 36. Qa3 {[%emt 0:05:46]} Na2 {[%emt 0:00:19]} 37. Kh2 {[%emt 0:00:39]} Nc8 {[%emt 0:02:19]} 38. f4 {[%emt 0:05:25]} Qa7 {[%emt 0:00:29]} 39. Qxa7 {[%emt 0:02:04]} Nxa7 {[%emt 0:00:05]} 40. f5 {[%emt 0:00:02]} d4 {[%emt 0:02:38]} 41. fxe6 {[%emt 0:01:07]} fxe6 {[%emt 0:00:04]} 42. Nxe6 {[%emt 0:00:30]} d3 {[%emt 0:00:07]} 43. Ne4 {[%emt 0:00:12]} Nc6 {[%emt 0:00:09]} 44. N6c5 {[%emt 0:00:46]} Nxe5 {[%emt 0:00:07]} 45. Kg3 {[%emt 0:00:27]} Nb4 {[%emt 0:01:45]} 46. Nd2 {[%emt 0:00:19]} Nd5 {[%emt 0:00:34]} 47. Nf3 {[%emt 0:00:50]} Nxf3 {[%emt 0:02:43]} 48. Kxf3 {[%emt 0:00:02]} d2 {[%emt 0:00:05]} 49. Ke2 {[%emt 0:00:01]} Ne3 {[%emt 0:00:13]} 50. Kxd2 {[%emt 0:00:04]} Nxg2 {[%emt 0:00:02]} 51. Nd3 {[%emt 0:00:56]} Kf7 {[%emt 0:00:22]} 52. Ke2 {[%emt 0:00:06]} Kf6 {[%emt 0:00:16]} 53. Kf3 {[%emt 0:00:13]} Nh4+ {[%emt 0:00:04]} 54. Kf4 {[%emt 0:00:23]} Nf5 {[%emt 0:00:05]} 55. Ne5 {[%emt 0:00:54]} Nd6 {[%emt 0:00:09]} 56. Ng4+ {[%emt 0:00:23]} Ke6 {[%emt 0:00:04]} 57. Ne3 {[%emt 0:00:14]} Ne8 {[%emt 0:00:23]} 58. Nf5 {[%emt 0:00:37]} Kf7 {[%emt 0:00:04]} 59. Ng3 {[%emt 0:01:22]} Nf6 {[%emt 0:00:24]} 60. Kf5 {[%emt 0:00:15]} Nd5 {[%emt 0:00:12]} 61. Ke5 {[%emt 0:00:10]} Ne7 {[%emt 0:00:25]} 62. Ne4 {[%emt 0:00:35]} Nc6+ {[%emt 0:00:14]} 63. Kf5 {[%emt 0:00:06]} Ke7 {[%emt 0:00:29]} 64. Kg6 {[%emt 0:00:44]} Kf8 {[%emt 0:00:04]} 65. Kf5 {[%emt 0:00:58]} Kf7 1/2-1/2

[Event "8th RTU Open 2018"]
[Site "Riga"]
[Date "2018.08.10"]
[Round "7"]
[White "Meessen, Rudolf"]
[Black "Kollars, Dmitrij"]
[Result "0-1"]
[WhiteElo "2281"]
[BlackElo "2549"]
[Annotator "ChessBase"]
[PlyCount "60"]
[EventDate "2018.08.06"]
[EventType "swiss"]
[EventCountry "LAT"]
[SourceTitle "playchess.com"]
[Source "ChessBase"]
[SourceQuality "1"]
[TimeControl "5400+30"]

1. d4 {[%emt 0:09:52]} d5 {[%emt 0:00:00]} 2. Bf4 {[%emt 0:00:07]} Nf6 {[%emt 0:00:00]} 3. e3 {[%emt 0:00:06]} c5 {[%emt 0:00:09]} 4. Nc3 {[%emt 0:00:43]} cxd4 {[%emt 0:00:19]} 5. exd4 {[%emt 0:00:06]} a6 {[%emt 0:00:10]} 6. Nf3 {[%emt 0:00:05]} Nc6 {[%emt 0:00:14]} 7. Ne5 {[%emt 0:00:05]} e6 {[%emt 0:00:18]} 8. Nxc6 {[%emt 0:00:06]} bxc6 {[%emt 0:00:04]} 9. Na4 {[%emt 0:00:06]} Bd6 {[%emt 0:00:24]} 10. Bxd6 {[%emt 0:00:25]} Qxd6 {[%emt 0:00:05]} 11. Bd3 {[%emt 0:00:04]} O-O {[%emt 0:00:41]} 12. O-O {[%emt 0:00:05]} Nd7 {[%emt 0:00:07]} 13. Re1 {[%emt 0:02:54]} Re8 {[%emt 0:04:46]} 14. c4 {[%emt 0:02:04]} e5 {[%emt 0:05:44]} 15. dxe5 {[%emt 0:00:48]} Rxe5 {[%emt 0:01:15]} 16. Qd2 {[%emt 0:06:03]} Bb7 {[%emt 0:05:01]} 17. c5 {[%emt 0:03:36]} Qf6 {[%emt 0:04:43]} 18. Qb4 {[%emt 0:04:49]} Rae8 {[%emt 0:05:46]} 19. Rxe5 {[%emt 0:09:53]} Nxe5 {[%emt 0:00:09]} 20. Re1 {[%emt 0:00:49]} Re7 {[%emt 0:12:53]} 21. Bxa6 {[%emt 0:00:55]} g5 {[%emt 0:00:53]} 22. Bf1 {[%emt 0:01:40]} d4 {[%emt 0:02:01]} 23. Rd1 {[%emt 0:06:15]} Rd7 {[%emt 0:05:15]} 24. Nb6 {[%emt 0:00:11]} Rd8 {[%emt 0:00:21]} 25. a4 {[%emt 0:02:07]} d3 {[%emt 0:02:27]} 26. Qc3 {[%emt 0:08:52]} Ba6 {[%emt 0:01:42]} 27. Re1 {[%emt 0:07:06]} Qf4 {[%emt 0:12:16]} 28. Rd1 {[%emt 0:02:20]} Ng4 {[%emt 0:01:29]} 29. Bxd3 {[%emt 0:03:16]} Qxh2+ {[%emt 0:00:39]} 30. Kf1 {[%emt 0:00:11]} Re8 {[%emt 0:00:12]} 0-1

[Event "8th RTU Open 2018"]
[Site "Riga"]
[Date "2018.08.10"]
[Round "7"]
[White "Thogersen, Rasmus"]
[Black "Fenil, Shah"]
[Result "0-1"]
[WhiteElo "2275"]
[BlackElo "2412"]
[Annotator "TA"]
[PlyCount "73"]
[EventDate "2018.08.06"]
[EventType "swiss"]
[EventCountry "LAT"]
[SourceTitle "playchess.com"]
[Source "ChessBase"]
[SourceQuality "1"]

{[%evp 17,73,35,93,86,91,125,120,124,146,121,170,41,42,42,228,-17,-16,-23,-20,-21,-4,-4,-3,-42,-46,-46,-36,-112,-94,-122,-126,-156,-152,-158,-154,-159,-158,-179,-171,-243,-135,-141,-147,-165,-154,-157,-138,-231,-224,-199,-203,-225,-212,-195,-175,-208,-208,-265]} 1. e4 c5 2. Nf3 e6 3. d4 cxd4 4. Nxd4 Nc6 5. Nc3 Qc7 6. Be3 Nf6 7. f4 d6 8. Qf3 Be7 9. O-O-O {B82: Sizilianisch (Scheveninger System)} Bd7 {LiveBook: 3 Partien} (9... O-O $14) (9... a6 10. g4 Nd7 11. g5 b5 12. Bd3 Nc5 13. Kb1 Bb7 14. h4 Rc8 15. h5 Nxd4 16. Bxd4 b4 17. Ne2 e5 18. Bxc5 Qxc5 {½-½ (39) Yu,Y (2724)-Hou,Y (2673) Caleta 2015 CBM 165 [CB]}) 10. g4 Nxd4 11. Bxd4 {Weiß steht besser.} e5 12. fxe5 $1 dxe5 13. Qg3 $1 Nxg4 $146 ({Vorgänger:} 13... Bd6 14. Bf2 Rc8 15. Qd3 Nxg4 16. Bxa7 Be7 17. Nd5 Qd6 18. h3 Qh6+ 19. Kb1 Bc6 20. Nxe7 Kxe7 21. Bc5+ Ke8 22. hxg4 {1-0 (22) Hamdouchi,H (2535)-Dumitrescu,D (2400) Metz 1998}) 14. Bb5 ({Besser ist} 14. Be2 $1 $18) 14... Bxb5 $14 15. Nxb5 Qd7 $2 (15... Qc4 $1 $14 16. Qxg4 exd4 17. Qxg7 O-O-O) 16. Bc3 $2 ({Weiss kommt nicht vorbei an} 16. a4 $1 $18 Qc6 17. Qxg4 (17. Bxe5 Nxe5 18. Qxe5 f6 $14) 17... exd4 18. Qxg7) 16... Qxb5 $11 17. Qxg4 O-O $1 18. Rd5 Qb6 $36 {[%mdl 2048] Schwarz hat Druck.} 19. Bxe5 {[%csl Ge5][%cal Rg4g7]} Bf6 20. Rg1 {Und weiter mit Dxg7+! wäre nett.} Bxe5 21. Rxe5 {[%csl Gg1][%cal Rg4g7]} g6 22. Rd1 (22. Qg3 $15) 22... Qe3+ $1 $17 23. Kb1 Rae8 24. Rb5 Rxe4 {Schwarz steht deutlich besser.} 25. Qd7 Re7 26. Qd5 b6 27. a4 Rfe8 28. b3 (28. Qd6 {ist eine bessere Verteidigung.}) 28... Qe4 (28... Qf2 $19 {Droht stark ...Te1.} 29. Qd2 Re2) 29. Qxe4 Rxe4 {[%mdl 4096] Endspiel KTT-KTT} 30. a5 {[#]} R4e5 $1 {[%cal Re5b5]} 31. Rxe5 Rxe5 {KT-KT} 32. a6 (32. axb6 $17 axb6 33. Rd6) 32... Ra5 $19 33. Kb2 Rxa6 34. c4 Ra5 35. b4 Re5 36. Kb3 {[#]} f5 $1 37. Rd7 {Precision: Weiß = 40%, Schwarz = 65%.} 0-1

[Event "8th RTU Open 2018"]
[Site "Riga"]
[Date "2018.08.10"]
[Round "7"]
[White "Jacobs, Florian"]
[Black "Bernotas, Arturs"]
[Result "0-1"]
[WhiteElo "2255"]
[BlackElo "2406"]
[Annotator "NA"]
[PlyCount "42"]
[EventDate "2018.08.06"]
[EventType "swiss"]
[EventCountry "LAT"]
[SourceTitle "playchess.com"]
[Source "ChessBase"]
[SourceQuality "1"]
[TimeControl "5400+30"]

1. d4 {[%emt 0:00:00]} Nf6 {[%emt 0:02:19]} 2. c4 {[%emt 0:00:00]} e6 {[%emt 0:00:23]} 3. Nc3 {[%emt 0:00:00]} Bb4 {[%emt 0:00:27]} 4. e3 {[%emt 0:00:00]} O-O {[%emt 0:00:31]} 5. Bd3 {[%emt 0:00:00]} d5 {[%emt 0:01:17]} 6. cxd5 {[%emt 0:00:05]} exd5 {[%emt 0:00:49]} 7. Nge2 {[%emt 0:00:07]} Re8 {[%emt 0:05:50]} 8. Bd2 {[%emt 0:00:09]} b6 {[%emt 0:01:06]} 9. O-O {[%emt 0:00:23]} Bb7 {[%emt 0:00:19]} 10. Rc1 {[%emt 0:00:41]} a6 {[%emt 0:00:54]} 11. f3 {[%emt 0:09:11]} c5 {[%emt 0:06:39]} 12. Qe1 {[%emt 0:02:56]} Nc6 {[%emt 0:05:04]} 13. Qh4 {[%emt 0:05:07]} Ne7 {[%emt 0:12:03]} 14. a3 {[%emt 0:17:53]} Ba5 {[%emt 0:07:16]} 15. Nf4 {[%emt 0:02:50]} Ng6 {[%emt 0:03:25]} 16. Nxg6 {[%emt 0:00:58]} hxg6 {[%emt 0:00:13]} 17. Kh1 {[%emt 0:10:39]} Rc8 {[%emt 0:06:12]} 18. g4 {[%emt 0:02:30]} cxd4 {[%emt 0:09:44]} 19. exd4 {[%emt 0:00:59]} b5 {[%emt 0:00:26]} 20. g5 {[%emt 0:09:22]} Ne4 {[%emt 0:12:39]} 21. Qf4 {[%emt 0:13:54]} Bc7 {[%emt 0:02:36]} 0-1

[Event "8th RTU Open 2018"]
[Site "Riga"]
[Date "2018.08.10"]
[Round "7"]
[White "Bluebaum, Karl Ernst"]
[Black "Lagunow, Raphael"]
[Result "1/2-1/2"]
[WhiteElo "2253"]
[BlackElo "2404"]
[Annotator "NA"]
[PlyCount "156"]
[EventDate "2018.08.06"]
[EventType "swiss"]
[EventCountry "LAT"]
[SourceTitle "playchess.com"]
[Source "ChessBase"]
[SourceQuality "1"]
[TimeControl "5400+30"]

1. d4 {[%emt 0:00:00]} Nf6 {[%emt 0:05:34]} 2. c4 {[%emt 0:00:00]} e6 {[%emt 0:00:08]} 3. Nf3 {[%emt 0:00:13]} d5 {[%emt 0:00:22]} 4. g3 {[%emt 0:00:16]} dxc4 {[%emt 0:00:30]} 5. Bg2 {[%emt 0:01:15]} Bb4+ {[%emt 0:00:11]} 6. Bd2 {[%emt 0:02:17]} a5 {[%emt 0:00:15]} 7. O-O {[%emt 0:06:48]} O-O {[%emt 0:00:15]} 8. a3 {[%emt 0:03:38]} Bxd2 {[%emt 0:00:43]} 9. Nbxd2 {[%emt 0:00:17]} b5 {[%emt 0:01:19]} 10. a4 {[%emt 0:01:59]} c6 {[%emt 0:00:43]} 11. Qb1 {[%emt 0:23:58]} Nbd7 {[%emt 0:09:16]} 12. Rc1 {[%emt 0:12:27]} Ba6 {[%emt 0:28:52]} 13. e4 {[%emt 0:14:22]} h6 {[%emt 0:05:19]} 14. b3 {[%emt 0:01:51]} cxb3 {[%emt 0:02:25]} 15. Nxb3 {[%emt 0:04:24]} bxa4 {[%emt 0:01:40]} 16. Rxa4 {[%emt 0:00:11]} Bb5 {[%emt 0:00:06]} 17. Ra1 {[%emt 0:01:24]} a4 {[%emt 0:01:56]} 18. Nc5 {[%emt 0:01:14]} Nxc5 {[%emt 0:01:59]} 19. Rxc5 {[%emt 0:00:04]} Nd7 {[%emt 0:01:18]} 20. Rc3 {[%emt 0:01:00]} Qa5 {[%emt 0:02:09]} 21. Qc1 {[%emt 0:01:37]} Nf6 {[%emt 0:01:47]} 22. Ne5 {[%emt 0:01:01]} Rfd8 {[%emt 0:02:59]} 23. Rc5 {[%emt 0:11:25]} Qb4 {[%emt 0:03:17]} 24. d5 {[%emt 0:00:35]} Nxe4 {[%emt 0:12:00]} 25. Bxe4 {[%emt 0:01:56]} Qxe4 {[%emt 0:00:07]} 26. Nxc6 {[%emt 0:00:09]} Bxc6 {[%emt 0:00:58]} 27. dxc6 {[%emt 0:00:01]} Rac8 {[%emt 0:05:36]} 28. Rc4 {[%emt 0:04:33]} Qf3 {[%emt 0:00:52]} 29. Rc3 {[%emt 0:00:38]} Rd1+ {[%emt 0:07:40]} 30. Qxd1 {[%emt 0:00:07]} Qxc3 {[%emt 0:00:02]} 31. Qxa4 {[%emt 0:00:54]} Rxc6 {[%emt 0:00:36]} 32. Rd1 {[%emt 0:00:28]} Qf3 {[%emt 0:01:26]} 33. Re1 {[%emt 0:00:55]} Qd5 {[%emt 0:02:19]} 34. h4 {[%emt 0:01:27]} h5 {[%emt 0:01:07]} 35. Rd1 {[%emt 0:01:11]} Qf3 {[%emt 0:00:06]} 36. Re1 {[%emt 0:00:05]} Kh7 {[%emt 0:01:25]} 37. Qe4+ {[%emt 0:00:31]} Qxe4 {[%emt 0:00:02]} 38. Rxe4 {[%emt 0:00:01]} Kg6 {[%emt 0:00:13]} 39. Kg2 {[%emt 0:00:10]} f6 {[%emt 0:00:16]} 40. Ra4 {[%emt 0:00:43]} e5 {[%emt 0:00:31]} 41. Kf3 {[%emt 0:00:58]} Kf5 {[%emt 0:00:07]} 42. Ra7 {[%emt 0:00:24]} g6 {[%emt 0:01:32]} 43. Ra3 {[%emt 0:00:44]} Rc4 {[%emt 0:00:44]} 44. Kg2 {[%emt 0:00:18]} g5 {[%emt 0:00:35]} 45. hxg5 {[%emt 0:00:58]} Kxg5 {[%emt 0:00:01]} 46. Ra8 {[%emt 0:00:33]} h4 {[%emt 0:00:11]} 47. gxh4+ {[%emt 0:00:33]} Kxh4 {[%emt 0:00:44]} 48. Kf3 {[%emt 0:00:12]} Kg5 {[%emt 0:00:31]} 49. Kg3 {[%emt 0:00:49]} Rc3+ {[%emt 0:00:11]} 50. Kg2 {[%emt 0:00:22]} Kf4 {[%emt 0:00:55]} 51. Ra4+ {[%emt 0:00:03]} e4 {[%emt 0:00:04]} 52. Rb4 {[%emt 0:00:20]} f5 {[%emt 0:00:37]} 53. Ra4 {[%emt 0:00:08]} Rd3 {[%emt 0:00:20]} 54. Rb4 {[%emt 0:00:16]} Ke5 {[%emt 0:00:39]} 55. Rb5+ {[%emt 0:00:29]} Rd5 {[%emt 0:00:51]} 56. Rb8 {[%emt 0:00:42]} Kf4 {[%emt 0:00:58]} 57. Rb4 {[%emt 0:00:10]} Rd2 {[%emt 0:00:04]} 58. Ra4 {[%emt 0:00:30]} Re2 {[%emt 0:00:47]} 59. Rb4 {[%emt 0:03:09]} Kg4 {[%emt 0:00:16]} 60. Ra4 {[%emt 0:00:26]} Kf4 {[%emt 0:00:54]} 61. Rb4 {[%emt 0:00:08]} Re1 {[%emt 0:00:30]} 62. Ra4 {[%emt 0:00:12]} Rd1 {[%emt 0:00:31]} 63. Rb4 {[%emt 0:00:06]} Ke5 {[%emt 0:00:13]} 64. Rb5+ {[%emt 0:00:28]} Rd5 {[%emt 0:00:02]} 65. Rb8 {[%emt 0:00:29]} f4 {[%emt 0:00:19]} 66. Re8+ {[%emt 0:01:04]} Kf5 {[%emt 0:00:43]} 67. Rf8+ {[%emt 0:01:52]} Kg4 {[%emt 0:00:01]} 68. Rg8+ {[%emt 0:00:10]} Rg5 {[%emt 0:00:05]} 69. Re8 {[%emt 0:00:06]} f3+ {[%emt 0:00:36]} 70. Kf1 {[%emt 0:00:01]} Kf4 {[%emt 0:00:40]} 71. Ke1 {[%emt 0:00:54]} Re5 {[%emt 0:01:55]} 72. Rf8+ {[%emt 0:00:04]} Rf5 {[%emt 0:00:02]} 73. Re8 {[%emt 0:00:01]} Re5 {[%emt 0:00:30]} 74. Rf8+ {[%emt 0:00:03]} Kg4 {[%emt 0:00:02]} 75. Kd2 {[%emt 0:00:33]} Kh3 {[%emt 0:01:24]} 76. Rg8 {[%emt 0:00:44]} e3+ {[%emt 0:00:32]} 77. fxe3 {[%emt 0:00:01]} f2 {[%emt 0:00:06]} 78. Ke2 {[%emt 0:00:06]} Rxe3+ {[%emt 0:00:32]} 1/2-1/2

[Event "8th RTU Open 2018"]
[Site "Riga"]
[Date "2018.08.10"]
[Round "7"]
[White "Pulkkinen, Kari"]
[Black "Leenhouts, Koen"]
[Result "0-1"]
[WhiteElo "2242"]
[BlackElo "2475"]
[Annotator "TA"]
[PlyCount "110"]
[EventDate "2018.08.06"]
[EventType "swiss"]
[EventCountry "LAT"]
[SourceTitle "playchess.com"]
[Source "ChessBase"]
[SourceQuality "1"]

{[%evp 37,110,36,39,25,29,19,15,0,0,0,0,0,44,3,3,0,0,0,0,0,52,47,38,31,13,8,16,0,0,0,0,0,0,0,0,14,49,47,42,0,0,-94,-108,-101,-104,-81,-21,-31,-39,-47,-54,-68,-25,-25,-25,-25,-25,-146,-165,-264,-258,-205,-171,-262,-248,-577,-533,-1420,-1343,-12841,-12841,-12843,-12843,-12846,-12847]} 1. e4 e5 2. Nf3 Nc6 3. Bb5 a6 4. Ba4 Nf6 5. O-O Be7 6. Re1 b5 7. Bb3 d6 8. c3 O-O 9. h3 Nb8 10. d4 Nbd7 11. Nbd2 Bb7 12. Bc2 Re8 13. Nf1 Bf8 14. Ng3 g6 15. a4 c5 16. d5 c4 17. Bg5 h6 18. Be3 Nc5 19. Qd2 Kh7 {LiveBook: 44 Games} 20. Ra2 {C95: Closed Ruy Lopez: Breyer Variation with 10 d4} (20. Bxc5 dxc5 21. Nf1 Re7 22. Qe3 Rc8 23. g4 Ne8 24. N3h2 Qc7 25. Qg3 Bg7 26. Ne3 Nd6 27. h4 Rf8 {½-½ (58) Sevian,S (2531)-Kamsky,G (2683) Saint Louis 2015}) 20... Nfd7 21. axb5 $146 ({Predecessor:} 21. Rb1 Qc7 22. h4 Reb8 23. h5 Bc8 24. Qe2 Nf6 25. Rba1 {1-0 (52) Souply,Y (1603)-Van de Peut,A (1274) LSS email 2013}) 21... axb5 22. Rea1 {The position is equal.} Qc7 23. Qd1 Rxa2 24. Rxa2 Nb6 25. Nh2 Bg7 26. Ng4 Bc8 27. Qf3 Bxg4 28. hxg4 Nba4 ({Better is} 28... Ra8 $11 29. Rxa8 Nxa8) 29. Nf1 $14 Rb8 30. Qh3 Qd7 31. Nd2 b4 32. Bxa4 Nxa4 33. Nxc4 bxc3 34. bxc3 {White wants to play Nxd6.} Qb5 35. Nd2 {next Ra3 is good for White.} Nxc3 36. Ra7 Rf8 37. g5 {[%cal Rg5h6]} h5 38. g4 Nxe4 39. gxh5 (39. Nxe4 $11 {was the only way to keep the balance.} Qb1+ 40. Kh2 Qxe4 41. gxh5) 39... Nxd2 $17 40. Bxd2 Qxd5 41. Be3 Qd1+ (41... Rb8 $1 $17 {[%cal Rb8b1]} 42. Ra1 Qe4) 42. Kh2 Qxh5 43. Qxh5+ gxh5 $15 {[%mdl 4096] Endgame KRB-KRB} 44. Rd7 e4 {...Be5+ is the strong threat.} 45. Bf4 $1 Kg6 {aiming for ...Be5.} 46. Bxd6 Re8 {White must now prevent ...Be5+.} 47. Bc5 (47. Bf4 $1 $11 {keeps the balance.}) 47... Be5+ $1 $17 48. Kg2 (48. Kh3 {was the only defense.}) 48... Bf4 $1 $19 ({Not} 48... Kxg5 49. Rxf7 Kg4 50. f3+ exf3+ 51. Rxf3 $17) 49. Be7 Ra8 ({Don't play} 49... Bxg5 50. Bxg5 Kxg5 51. Rxf7 $17) 50. Rd4 {[#]} (50. Rb7 {keeps fighting.}) 50... Kf5 $1 ({Don't do} 50... Bxg5 51. Bxg5 Kxg5 52. Rxe4 $17) 51. Rd5+ $2 {[#]} (51. Bb4 {is a better chance.}) 51... Kg4 $1 {Black is clearly winning.} 52. Rd8 Ra2 53. g6 fxg6 54. Bc5 e3 55. Rg8 Rxf2+ {Precision: White = 32%, Black = 81%.} 0-1

[Event "8th RTU Open 2018"]
[Site "Riga"]
[Date "2018.08.10"]
[Round "7"]
[White "Semjonovs, Ilja"]
[Black "Gokerkan, Cem Kaan"]
[Result "0-1"]
[WhiteElo "2242"]
[BlackElo "2404"]
[Annotator "NA"]
[PlyCount "146"]
[EventDate "2018.08.06"]
[EventType "swiss"]
[EventCountry "LAT"]
[SourceTitle "playchess.com"]
[Source "ChessBase"]
[SourceQuality "1"]
[TimeControl "5400+30"]

1. e4 c5 {[%emt 0:05:36]} 2. Nf3 {[%emt 0:00:00]} d6 {[%emt 0:00:12]} 3. d4 {[%emt 0:00:07]} cxd4 {[%emt 0:00:04]} 4. Nxd4 {[%emt 0:00:05]} Nf6 {[%emt 0:00:04]} 5. Nc3 {[%emt 0:00:08]} a6 {[%emt 0:00:06]} 6. g3 {[%emt 0:01:09]} e5 {[%emt 0:00:39]} 7. Nb3 {[%emt 0:00:16]} Be7 {[%emt 0:00:10]} 8. Bg2 {[%emt 0:00:13]} b5 {[%emt 0:00:15]} 9. O-O {[%emt 0:08:28]} O-O {[%emt 0:00:25]} 10. h3 {[%emt 0:08:04]} Nbd7 {[%emt 0:02:47]} 11. f4 {[%emt 0:01:08]} b4 {[%emt 0:09:08]} 12. Nd5 {[%emt 0:08:05]} Nxd5 {[%emt 0:00:37]} 13. Qxd5 {[%emt 0:00:05]} Qb6+ {[%emt 0:08:25]} 14. Kh2 {[%emt 0:00:58]} Bb7 {[%emt 0:00:23]} 15. Qd3 {[%emt 0:06:29]} a5 {[%emt 0:01:03]} 16. Be3 {[%emt 0:03:41]} Qc6 {[%emt 0:05:24]} 17. c4 {[%emt 0:18:48]} bxc3 {[%emt 0:02:08]} 18. Qxc3 {[%emt 0:00:05]} Qxc3 {[%emt 0:00:30]} 19. bxc3 {[%emt 0:00:04]} Rfc8 {[%emt 0:00:42]} 20. Rfc1 {[%emt 0:00:25]} a4 {[%emt 0:07:22]} 21. Nd2 {[%emt 0:00:05]} Ba6 {[%emt 0:05:20]} 22. Bf1 {[%emt 0:05:46]} Bxf1 {[%emt 0:03:50]} 23. Nxf1 {[%emt 0:00:36]} Rab8 {[%emt 0:01:24]} 24. Rab1 {[%emt 0:03:10]} h5 {[%emt 0:07:07]} 25. Rb4 {[%emt 0:04:10]} Nf6 {[%emt 0:02:05]} 26. Rxa4 {[%emt 0:02:23]} Ra8 {[%emt 0:00:30]} 27. Rxa8 {[%emt 0:01:29]} Rxa8 {[%emt 0:00:01]} 28. Rc2 {[%emt 0:00:21]} Nxe4 {[%emt 0:00:15]} 29. Nd2 {[%emt 0:00:37]} Nxd2 {[%emt 0:04:47]} 30. Bxd2 {[%emt 0:01:03]} f5 {[%emt 0:03:35]} 31. Be3 {[%emt 0:05:37]} Kf7 {[%emt 0:01:33]} 32. Kg2 {[%emt 0:00:40]} Ke6 {[%emt 0:03:42]} 33. Kf3 {[%emt 0:02:00]} Ra4 {[%emt 0:01:53]} 34. fxe5 {[%emt 0:14:43]} dxe5 {[%emt 0:00:44]} 35. h4 {[%emt 0:00:04]} Rc4 {[%emt 0:01:29]} 36. Ke2 {[%emt 0:01:33]} Rg4 {[%emt 0:09:24]} 37. Bf2 {[%emt 0:03:15]} f4 {[%emt 0:05:08]} 38. gxf4 {[%emt 0:00:08]} exf4 {[%emt 0:01:17]} 39. Rb2 {[%emt 0:00:07]} Bxh4 {[%emt 0:00:32]} 40. Rb6+ {[%emt 0:00:08]} Kf5 {[%emt 0:00:55]} 41. Rb5+ {[%emt 0:00:14]} Kg6 {[%emt 0:00:27]} 42. Bxh4 {[%emt 0:00:09]} Rxh4 {[%emt 0:00:03]} 43. Kf3 {[%emt 0:00:02]} Rh3+ {[%emt 0:01:10]} 44. Kxf4 {[%emt 0:00:25]} Rxc3 {[%emt 0:00:01]} 45. Rb6+ {[%emt 0:00:26]} Kh7 {[%emt 0:00:11]} 46. a4 {[%emt 0:01:23]} Rc4+ {[%emt 0:00:58]} 47. Kg5 {[%emt 0:00:19]} Rc5+ {[%emt 0:00:02]} 48. Kh4 {[%emt 0:00:34]} g6 {[%emt 0:00:27]} 49. Ra6 {[%emt 0:01:18]} Kh6 {[%emt 0:00:17]} 50. a5 {[%emt 0:00:40]} Rc4+ {[%emt 0:00:04]} 51. Kh3 {[%emt 0:00:04]} Ra4 {[%emt 0:00:29]} 52. Ra8 {[%emt 0:00:10]} Ra3+ {[%emt 0:00:30]} 53. Kh2 {[%emt 0:00:10]} Kg5 {[%emt 0:00:54]} 54. a6 {[%emt 0:00:48]} Kh4 {[%emt 0:00:12]} 55. a7 {[%emt 0:00:23]} Ra2+ {[%emt 0:00:07]} 56. Kg1 {[%emt 0:00:38]} g5 {[%emt 0:00:03]} 57. Rc8 {[%emt 0:02:11]} Rxa7 {[%emt 0:00:36]} 58. Rc2 {[%emt 0:00:10]} Ra1+ {[%emt 0:00:19]} 59. Kg2 {[%emt 0:00:06]} g4 {[%emt 0:00:19]} 60. Rb2 {[%emt 0:00:30]} Ra5 {[%emt 0:00:12]} 61. Rc2 {[%emt 0:00:13]} Kg5 {[%emt 0:00:22]} 62. Rb2 {[%emt 0:00:37]} h4 {[%emt 0:00:14]} 63. Rb1 {[%emt 0:00:06]} Ra2+ {[%emt 0:01:06]} 64. Kh1 {[%emt 0:00:45]} h3 {[%emt 0:04:17]} 65. Rc1 {[%emt 0:00:14]} g3 {[%emt 0:02:57]} 66. Rb1 {[%emt 0:00:24]} Rd2 {[%emt 0:00:21]} 67. Ra1 {[%emt 0:02:42]} Kf4 {[%emt 0:00:08]} 68. Rb1 {[%emt 0:01:14]} Ke3 {[%emt 0:00:12]} 69. Re1+ {[%emt 0:00:48]} Kd3 {[%emt 0:00:12]} 70. Ra1 {[%emt 0:00:26]} Ke2 {[%emt 0:00:21]} 71. Rg1 {[%emt 0:00:26]} Rd1 {[%emt 0:00:12]} 72. Rxd1 {[%emt 0:00:10]} Kxd1 {[%emt 0:00:02]} 73. Kg1 {[%emt 0:00:05]} Ke2 {[%emt 0:00:07]} 0-1